LEADER 01052nam0-2200361---450- 001 990009307870403321 005 20110117164951.0 010 $a978-88-6036-241-4 035 $a000930787 035 $aFED01000930787 035 $a(Aleph)000930787FED01 035 $a000930787 100 $a20110117d2008----km-y0itay50------ba 101 1 $aita 102 $aIT 105 $ay-------001yy 200 1 $aYes, we can$eil nuovo sogno americano$fBarack Obama$gintroduzione di Empedocle Maffia$gtraduzione di Bianca Lazzaro e Andrea Piccoli 210 $aRoma$cDonzelli$d2008 215 $aXVI, 158 p$d17 cm 225 1 $aSaggine$v113 610 0 $aObama, Barack 676 $a324.2736$v21$zita 700 1$aObama,$bBarack$f<1961- >$0329673 702 1$aMaffia,$bEmpedocle 702 1$aLazzaro,$bBianca 702 1$aPiccoli,$bAndrea 801 0$aIT$bUNINA$gREICAT$2UNIMARC 901 $aBK 912 $a990009307870403321 952 $aCollez. 1784 (113)$b44395$fFSPBC 959 $aFSPBC 996 $aYes, we can$9771326 997 $aUNINA LEADER 00925nam0-22003251i-450- 001 990000771560403321 005 20081127150512.0 010 $a88-420-0205-4 035 $a000077156 035 $aFED01000077156 035 $a(Aleph)000077156FED01 035 $a000077156 100 $a20020821d1985----km-y0itay50------ba 101 0 $aita 105 $ay-------001yy 200 1 $a<>origini dell'urbanistica moderna$fLeonardo Benevolo 205 $a9. ed. 210 $aRoma$cLaterza$d1985 215 $a191 , [15] p., [16] p. di tav.$cill.$d18 cm 225 1 $aUniversale Laterza$v91 610 0 $aUrbanistica moderna 676 $a711.09 700 1$aBenevolo,$bLeonardo$f<1923- >$0157 801 0$aIT$bUNINA$gRICA$2UNIMARC 901 $aBK 912 $a990000771560403321 952 $aURB.LE A 67$bINV.14218$fFARBC 959 $aFARBC 996 $aOrigini dell'urbanistica moderna$9120294 997 $aUNINA LEADER 01308nas 2200421 a 450 001 996336120203316 005 20240413013044.0 035 $a(CKB)1000000000222068 035 $a(CONSER) 99500751 035 $a(MiAaPQ)29615 035 $a(EXLCZ)991000000000222068 100 $a20000626a19999999 uy 101 0 $aeng 181 $ctxt$2rdacontent 182 $cc$2rdamedia 183 $acr$2rdacarrier 200 00$aASEAN investment report 210 $aJakarta $cASEAN Secretariat$dc1999- 215 $a1 online resource 311 08$aPrint version: ASEAN investment report. (DLC) 99500751 (OCoLC)44477823 606 $aInvestments, Foreign$zSoutheast Asia$vStatistics$vPeriodicals 606 $aECONOMIC INTEGRATION$2unbist 606 $aECONOMIC POLICY$2unbist 606 $aINVESTMENTS$2unbist 606 $aSOUTHEAST ASIA$2unbist 607 $aSoutheast Asia$xEconomic conditions$vStatistics$vPeriodicals 615 0$aInvestments, Foreign 615 17$aECONOMIC INTEGRATION. 615 17$aECONOMIC POLICY. 615 17$aINVESTMENTS. 615 17$aSOUTHEAST ASIA. 676 $a332.6730959 712 02$aASEAN.$bSecretariat. 906 $aREPORT 912 $a996336120203316 920 $aexl_impl conversion 996 $aASEAN investment report$92360090 997 $aUNISA